000 00721nam a2200121Ia 4500
008 220620s9999||||xx |||||||||||||| ||und||
245 0 _aCommunity-Oriented Policing and Technological Innovations
546 _aEnglish[eng]
650 _aCommunity-Oriented Policing||Police Studies||Policing and Technology||Predictive Policing||Policing Innovations||Crime Prevention and Intervention||Crime Detection||Fear of Crime||Urban Security
700 _aLeventakis, Georgios||Haberfeld, M. R.
856 _uhttps://library.oapen.org/bitstream/20.500.12657/27840/1/1002165.pdf||https://library.oapen.org/bitstream/20.500.12657/27840/1/1002165.pdf||https://library.oapen.org/bitstream/20.500.12657/27840/1/1002165.pdf
942 _cEB
999 _c33953
_d33953